Geography, Movies or Sports? Quiz Stats

Quiz Updated Sep 3, 2014

Challenge
Share
Tweet
Embed
Score 0/20 Timer 04:00
0 Plays Today
Clues Answers % Correct
GEO: Wyoming capital
MOVIES: Weapon in Tobe Hooper franchise
SPORTS: NBA Hornets’ home
Cheyenne/Chainsaw/Charlotte
90.5%
GEO: Country in Oceania
MOVIES: “Borat” star (first name)
SPORTS: Pitcher Paige nickname
Samoa/Sacha/Satchel
89.4%
GEO: Country bordering Malaysia
MOVIES: 'Wild Strawberries' director (first name)
SPORTS: Lucas Oil Stadium city
Indonesia/Ingmar/Indianapolis
89.4%
GEO: Canadian province
MOVIES: Mel Gibson/Jodie Foster feature
SPORTS: Wayne Rooney’s club’s home city
Manitoba/Maverick/Manchester
89%
GEO: 5-letter country
MOVIES: Storm in 'X-Men' (performer first name)
SPORTS: Canadiens' nickname
Haiti/Halle/Habs
88.6%
GEO: 10th largest country (area)
MOVIES: “Mighty Aphrodite” director (surname)
SPORTS: Former NBA Center Mourning
Algeria/Allen/Alonzo
87.2%
GEO: One of South Africa’s three capitals
MOVIES: “Lady Eve” director Sturges
SPORTS: NBA legend Lenny Wilkens’ college
Pretoria/Preston/Providence
78.7%
GEO: Country bordering Red Sea
MOVIES: David Lynch's first feature
SPORTS: Sixers' great Dr. J
Eritrea/Eraserhead/Erving
77.9%
GEO: Largest Belarus city
MOVIES: The Black Swan in 'Black Swan' (first name)
SPORTS: Blackhawks' legendary center Stan
Minsk/Mila/Mikita
76.1%
GEO: 'The Biggest Little City in the World'
MOVIES: 'Oliver!' director (surname)
SPORTS: QB Grossman
Reno/Reed/Rex
75.6%
Clues Answers % Correct
GEO: Ancient Greek city-state on Eurotas River
MOVIES: Bogart’s “Maltese Falcon” character (surname)
SPORTS: “Eephus” pitcher Bill Lee’s nickname
Sparta/Spade/Spaceman
75.5%
GEO: European capital
MOVIES: “Magnificent Obsession” star Robert
SPORTS: Bryant McKinnie position
Tallinn/Taylor/Tackle
72.1%
GEO: World's deepest river
MOVIES: 1993 Dan Aykroyd film
SPORTS: Baseball's Crisp
Congo/Coneheads/Coco
72%
GEO: UK territory
MOVIES: Co-lead in 'Bound' (first name)
SPORTS: Patriots' stadium
Gibraltar/Gina/Gillette
70.6%
GEO: City along Chena River
MOVIES: Newman's character's nickname in 'The Hustler'
SPORTS: Packers' famed #4
Fairbanks/Fast/Favre
70.1%
GEO: Wat Phra Kaew city
MOVIES: Titular star of 'All About Eve' (surname)
SPORTS: B in OBP
Bangkok/Baxter/Base
66.5%
GEO: Asian capital
MOVIES: 1999 Kevin Smith film
SPORTS: Goalie Hašek
Doha/Dogma/Dominik
64.1%
GEO: Elaborate cemetery of ancient city
MOVIES: 'A Bug's Life' music composer (surname)
SPORTS: Long-time NBA coach Don
Necropolis/Newman/Nelson
60.6%
GEO: South American capital
MOVIES: 1987 Best Picture nominee
SPORTS: NBA center Nazr surname
Montevideo/Moonstruck/Mohammed
60.5%
GEO: Nepal capital
MOVIES: 'Being John Malkovich' writer Charlie
SPORTS: Tigers hall of fame right fielder (surname)
Kathmandu/Kaufman/Kaline
60.2%

You're not logged in!

Compare scores with friends on all Sporcle quizzes.
Sign Up with Email
OR
Log In

You Might Also Like...

Show Comments

Extras

Top Quizzes Today


Score Distribution

Your Account Isn't Verified!

In order to create a playlist on Sporcle, you need to verify the email address you used during registration. Go to your Sporcle Settings to finish the process.